| 000 | 00573nam a2200193 i 4500 | ||
|---|---|---|---|
| 001 | 74250 | ||
| 003 | ES-MaACL | ||
| 005 | 20230906172050.0 | ||
| 007 | t| | ||
| 008 | 040916s1979 sp ||||1| spa d | ||
| 100 | 1 |
_aGonzález Faus, José Ignacio. _958623 |
|
| 245 | 1 | 0 |
_aAcceso a Jesús _b: ensayo de teología narrativa / _cJosé Ignacio González Faus. |
| 260 |
_aSalamanca : _bSígueme, _c1979. |
||
| 300 |
_a226 p. ; _c21 cm. |
||
| 490 | 1 | _aVerdad e imagen | |
| 830 | 0 |
_aVerdad e imagen _9182105 |
|
| 852 |
_aES-MaACL _jA-9593 _bR.98721 |
||
| 999 |
_c74250 _d74250 |
||